000 00564nam a22001817a 4500
005 20251108164149.0
008 250721s2001 xx 000 0 ara d
082 1 4 _a811.9565/محم
100 1 _aمحمود، حيدر
245 1 0 _aالجبل :
_bمختارات من الحسينياته /
264 1 _a[عمان] :
_bمنشورات أجياد العربية للصحافة و النشر،
_c2001.
300 _a78ص.
490 0 _aوفاء للحسين
650 1 7 _aالشعر العربي
650 1 7 _aالأردن
942 _2ddc
_cBK
999 _c5250
_d5250